书目信息 |
| 题名: |
果树的脱毒与组织培养
|
|
| 作者: | 王国平 , 洪霓 主编 | |
| 分册: | ||
| 出版信息: | 北京 化学工业出版社现代生物技术与医药科技出版中心 2005 |
|
| 页数: | 243页, [4] 页图版 | |
| 开本: | 26cm | |
| 丛书名: | 农业生物技术系列 | |
| 单 册: | ||
| 中图分类: | S436.6 , S660.3 , Q819 | |
| 科图分类: | ||
| 主题词: | 果树--guo shu--植物病毒病 , 果树--guo shu--组织培养 , 生物工程 | |
| 电子资源: | ||
| ISBN: | 7-5025-7132-9 | |
| 000 | 01500nam 2200325 450 | |
| 001 | 0100001084 | |
| 005 | 20071024162723.34 | |
| 010 | @a7-5025-7132-9@dCNY32.00 | |
| 100 | @a20070822d2005 ekmy0chiy0121 ea | |
| 101 | 0 | @achi |
| 102 | @aCN@b110000 | |
| 105 | @aafk a 000yy | |
| 200 | 1 | @a果树的脱毒与组织培养@Aguo shu de tuo du yu zu zhi pei yang@f王国平, 洪霓主编 |
| 210 | @a北京@c化学工业出版社现代生物技术与医药科技出版中心@d2005 | |
| 215 | @a243页, [4] 页图版@c图 (部分彩图)@d26cm | |
| 225 | 2 | @a农业生物技术系列@Anong ye shen wu ji shu ji lie |
| 320 | @a有书目 (第239-243页) | |
| 330 | @a本书系统介绍了植物组织培养组培室规划和建设、植物组织培养常用的培养基及配量、植物组织培养的操作技术、果树组织培养技术、果树病毒病的发生与危害、果树病毒鉴定及检测技术、果树病毒脱除技术,以及果树无病毒种苗的生产及管理等内容。全书列举了大量实际可行的数据、技术步骤、管理条例,方便读者系统学习、查阅和参照。同时,书中以柑橘、苹果、梨、葡萄、草莓、香蕉及核果类果树的组织培养与工厂化育苗独立成章, 全程化介绍各项环节,为企业生产、管理人员提供手册性参照内容。 | |
| 333 | @a农业院校师生, 植物组织培养实验中心、工厂化育苗公司科研人员 | |
| 461 | 0 | @12001 @a农业生物技术系列 |
| 606 | 0 | @a果树@Aguo shu@x植物病毒病 |
| 606 | 0 | @a果树@Aguo shu@x组织培养 |
| 606 | 0 | @a生物工程 |
| 690 | @aS436.6@v4 | |
| 690 | @aS660.3@v4 | |
| 690 | @aQ819@v4 | |
| 701 | 0 | @a王国平@Awang guo ping@4主编 |
| 701 | 0 | @a洪霓@Ahong ni@4主编 |
| 801 | 0 | @aCN@c20071024 |
| 905 | @b20662087-89@dS436.6@eW194@fS436.6/W194 | |
| 果树的脱毒与组织培养/王国平, 洪霓主编.-北京:化学工业出版社现代生物技术与医药科技出版中心,2005 |
| 243页, [4] 页图版:图 (部分彩图);26cm.-(农业生物技术系列) |
| 使用对象:农业院校师生, 植物组织培养实验中心、工厂化育苗公司科研人员 |
| ISBN 7-5025-7132-9:CNY32.00 |
| 本书系统介绍了植物组织培养组培室规划和建设、植物组织培养常用的培养基及配量、植物组织培养的操作技术、果树组织培养技术、果树病毒病的发生与危害、果树病毒鉴定及检测技术、果树病毒脱除技术,以及果树无病毒种苗的生产及管理等内容。全书列举了大量实际可行的数据、技术步骤、管理条例,方便读者系统学习、查阅和参照。同时,书中以柑橘、苹果、梨、葡萄、草莓、香蕉及核果类果树的组织培养与工厂化育苗独立成章, 全程化介绍各项环节,为企业生产、管理人员提供手册性参照内容。 |
| ● |
| 相关链接 |
|
|
|
正题名:果树的脱毒与组织培养
索取号:S436.6/W194
 
预约/预借
| 序号 | 登录号 | 条形码 | 馆藏地/架位号 | 状态 | 备注 |
| 1 | 662087 | 206620879 | 自科库401/401自科库 67排3列4层/ [索取号:S436.6/W194] | 在馆 | |
| 2 | 662088 | 206620888 | 自科库401/401自科库 67排3列4层/ [索取号:S436.6/W194] | 在馆 | |
| 3 | 662089 | 206620897 | 自科库401/401自科库 67排3列4层/ [索取号:S436.6/W194] | 在馆 |